000 00922nam a22002057a 4500
005 20240530110417.0
008 150308s2010 ua f 000 0 ara d
017 _bمصر . دار الكتب المصرية
040 _aEG-CaGPL
082 0 4 _221
_a932.022
_bق/م أ
100 0 _aمصطفى العبادى
245 1 2 _aالامبراطورية الرومانية :
_bالنظام الامبراطورى و مصر الرومانية /
_cتاليف مصطفى العبادى
260 _aالاسكندرية :
_bدار المعرفة الجامعية ،
_c2010
300 _a312 ص ؛
_c24 سم
650 0 4 _aالكنيسة و الدولة
_zمصر القديمة
650 0 4 _aالمسيحية
_zمصر القديمة
651 0 4 _aمصر القديمة
_xتاريخ
_yالعصر الرومانى
651 0 4 _aمصر القديمة
_xالاحوال السياسية
_yالعصر الرومانى
942 _2ddc
_cBK
999 _c60576
_d60576